| 000 | 00903nam a22003017a 4500 | ||
|---|---|---|---|
| 003 | CHAP | ||
| 005 | 20220329134040.0 | ||
| 008 | 971013s1968 r 00010 d | ||
| 010 | _a14655 | ||
| 011 | _a15627 | ||
| 035 | _a19703 | ||
| 040 | _cCHAP | ||
| 082 |
_a160 _bG6 1968 |
||
| 100 | 0 | 0 |
_aGortari, Eli de. _950060 |
| 245 | _aLógica general | ||
| 250 | _a2 ed. | ||
| 260 |
_aMéxico, D.F. : _bGrijalbo, _c1968 |
||
| 300 | _a307 p | ||
| 590 |
_aBATCH-UPD _b10 _c20130110 _lUCH01 _h1420 |
||
| 590 |
_aBATCH-UPD _b10 _c20130410 _lUCH01 _h0902 |
||
| 590 |
_aBATCH-UPD _b10 _c20130914 _lUCH01 _h1729 |
||
| 590 |
_aCONVERSION _b10 _c20130109 _lUCH01 _h1309 |
||
| 650 | 1 | 4 |
_aLógica. _967611 |
| 901 | _aBK | ||
| 942 | _cLIBRO | ||
| 949 |
_a160 G6 1968 _bBC _cLIBRO _d33724000895397 _eLIBRO _fc.5 _h82222 _i19703 _so _t32.00 |
||
| 949 |
_a160 G6 1968 _bBC _cLIBRO _d33724000921359 _eLIBRO _fc.4 _h11321 _i19703 _so _t32.00 |
||
| 999 |
_c14655 _d14655 |
||